| 000 | 00711cam a2200241 a 4500 | ||
|---|---|---|---|
| 001 | 565020 | ||
| 005 | 20180117043225.0 | ||
| 008 | 890301s1989 enka b 001 0 eng | ||
| 010 | _a 89031498 | ||
| 020 | _a0521370914 | ||
| 040 |
_aDLC _cDLC _dDLC |
||
| 041 | _aeng | ||
| 043 |
_an-us--- _ae-ur--- |
||
| 080 | _a338.947 DOM | ||
| 082 | 0 | 0 |
_a338.947 DOM _220 |
| 100 | 1 | _a52 | |
| 101 | _aEKO | ||
| 245 | 1 | 0 |
_aCapitalism, socialism, and serfdom : _cby Evsey D. Domar. |
| 504 | _aIncludes bibliographical references and index. | ||
| 906 |
_a7 _bcbc _corignew _d1 _eocip _f19 _gy-gencatlg |
||
| 942 |
_2ddc _cBK |
||
| 999 |
_c40431 _d40431 |
||